[Event "45th FIDE Chess Olympiad - Women's Sect"]
[Site "Budapest, Hungary"]
[Date "2024.09.12"]
[Round "2.102"]
[White "Campos, Maria Jose"]
[Black "Otazo Sanchez, Annyd Gabriela"]
[Result "1-0"]
[WhiteElo "2252"]
[BlackElo "1976"]
[PlyCount "89"]
[EventDate "2024.??.??"]
[WhiteTeam "Argentina"]
[BlackTeam "Venezuela"]
[WhiteTeamCountry "ARG"]
[BlackTeamCountry "VEN"]
[WhiteClock "0:21:57"]
[BlackClock "0:00:37"]

1. c4 {Besenthal,Klaus Guenter} Nf6 2. g3 e6 3. Bg2 d5 4. Nf3 Be7 5. O-O O-O 6. b3 c5 7. e3 d4 8. exd4 cxd4 9. Re1 ({RR} 9. d3 Nc6 10. Qe2 Nd7 11. Nbd2 e5 12. Ne4 Re8 13. a3 a5 14. Rb1 h6 15. g4 Nf8 16. g5 hxg5 17. Nexg5 Bf5 18. c5 Ng6 19. b4 axb4 20. axb4 Qd7 21. Re1 Bf8 22. Qc2 b5 23. Qb3 Ra6 {Caruana,F (2804)-Nakamura,H (2787) Paris 2016 CBM 173 [Besenthal,Klaus Guenter] 0-1 (55)}) ({RR} 9. d3 Nc6 10. Re1 Nd7 11. Ba3 a5 12. Bxe7 Qxe7 13. a3 e5 14. Nbd2 Nc5 15. Qc2 Bf5 16. Bf1 Qd6 17. Rab1 Na6 18. Nh4 Bg4 19. h3 Bd7 20. Nhf3 f5 21. c5 Qc7 22. Nc4 Rae8 23. Nd6 Re7 {Korneev,S (2193)-Zhao Jun (2538) chess.com INT 2024 0-1 (75)}) 9... d3 $146 ({RR} 9... Nc6 10. Ne5 Nxe5 11. Rxe5 Qc7 12. Re1 Bd7 13. d3 Bc6 14. Ba3 Bxg2 15. Kxg2 Rfe8 16. Bxe7 Rxe7 17. Nd2 e5 18. Qf3 Nd7 19. b4 Nf6 20. c5 Rd8 21. a3 Nd5 22. Ne4 a5 23. b5 Nc3 24. b6 {Panjwani,R (2468)-Katz,A (2256) Mashantucket 2014 1-0 (86)}) ({RR} 9... Nc6 10. d3 Nd7 11. Ba3 e5 12. Qd2 a5 13. Qb2 Bb4 14. Bxb4 Nxb4 15. Qd2 f6 16. Qc1 Nxd3 17. Qd2 Nxe1 18. Nxe1 Nc5 19. Nc2 Bf5 20. Nba3 Qd7 21. Nb5 Bxc2 22. Qxc2 d3 23. Qc3 e4 24. Rd1 {Soham,K (2381)-Goswami,V (2034) chess.com INT 2023 1-0 (41)}) ({RR} 9... Nc6 10. Ne5 Nxe5 11. Rxe5 Ne8 12. d3 f6 13. Re2 e5 14. h3 Nd6 15. f4 Nf7 16. Na3 Rb8 17. Nc2 Bd7 18. fxe5 fxe5 19. Ba3 Bxa3 20. Nxa3 Bc6 21. Nc2 Bxg2 22. Kxg2 b5 23. c5 Qd5+ 24. Kh2 {Derichs,R (2250)-Kaganskiy,G (2126) chess.com INT 2023 0-1}) 10. Ne5 Qd4 11. Nc3 Nbd7 12. Nf3 Qb6 13. Na4 Qc7 14. Bb2 Bd6 15. Rc1 Nc5 16. b4 Nxa4 17. Qxa4 a5 18. c5 Bd7 19. Qb3 Be7 20. a3 axb4 21. axb4 Bb5 22. Nd4 Qd7 23. Re5 Ng4 24. Re4 Ba4 25. Qxd3 e5 26. Qe2 f5 27. Nxf5 Qxf5 28. Rxg4 Bb5 29. Bd5+ Kh8 30. Bxe5 Bf6 31. Bxf6 Rxf6 32. Qxb5 Qxg4 33. Qc4 Qf5 34. Rf1 Rd8 35. Be4 Qd7 36. d3 Rdf8 37. b5 h5 38. c6 bxc6 39. bxc6 Qa7 40. Qd5 g6 41. Qe5 Kg8 42. d4 Qa3 43. c7 Qc3 44. Bb7 Rb6 45. Bd5+ 1-0

[Event "45th FIDE Chess Olympiad - Women's Sect"]
[Site "Budapest, Hungary"]
[Date "2024.09.12"]
[Round "2.104"]
[White "Sarquis, Maria Belen"]
[Black "Pena Gonzalez, Clara Isabel"]
[Result "1-0"]
[WhiteElo "2172"]
[BlackElo "1895"]
[PlyCount "91"]
[EventDate "2024.??.??"]
[WhiteTeam "Argentina"]
[BlackTeam "Venezuela"]
[WhiteTeamCountry "ARG"]
[BlackTeamCountry "VEN"]
[WhiteClock "0:27:40"]
[BlackClock "0:32:29"]

1. e4 c5 2. Nf3 e6 3. d4 cxd4 4. Nxd4 a6 5. Bd3 Bc5 6. Nb3 Ba7 7. O-O Nc6 8. c4 Nf6 9. Qe2 d6 10. Nc3 O-O ({RR} 10... e5 11. Be3 O-O 12. Rac1 Be6 13. Nd5 Nd7 14. Bxa7 Rxa7 15. Qe3 b6 16. Nd2 Nc5 17. Bb1 a5 18. Nc3 h6 19. Rfd1 Rd7 20. Nb5 Qg5 21. Nf1 Rfd8 22. Rd2 Na7 23. Na3 Nc6 24. Nb5 Na7 25. Nxa7 {Polgar,J (2682)-Smirin,I (2657) Khanty-Mansiysk 2010 0-1 (48)}) 11. Be3 Nd7 $146 ({RR} 11... h6 12. Rfd1 Bxe3 13. Qxe3 b6 14. Be2 Qc7 15. Rac1 Ne5 16. f4 Ng6 17. g3 Rb8 18. Qd4 Bb7 19. Qxd6 Qxd6 20. Rxd6 Bxe4 21. c5 bxc5 22. Rxa6 Rfc8 23. Nxe4 Nxe4 24. Bd3 Rb4 25. Bxe4 Rxe4 26. Rxc5 {Volokitin,A (2639)-Bezold,M (2509) Berlin 2015 0-1 (42)}) ({RR} 11... Bxe3 12. Qxe3 Ng4 13. Qg3 Nge5 14. Be2 Ng6 15. Rad1 e5 16. Bg4 Bxg4 17. Qxg4 Rc8 18. c5 Nd4 19. Nxd4 exd4 20. Rxd4 Rxc5 21. Qd1 Rc6 22. Qd2 Ne5 23. Rd1 Nc4 24. Qe2 b5 25. Nd5 Re8 26. Nb4 {Vasquez Schroeder,R (2475)-Pourkashiyan,A (2272) chess.com INT 2024 1-0 (44)}) ({RR} 11... e5 12. Bxa7 Rxa7 13. Nd5 Be6 14. Nxf6+ Qxf6 15. Qe3 Raa8 16. Qb6 Rab8 17. Rad1 Qd8 18. Qe3 b5 19. Rc1 Nb4 20. Nd2 Nxa2 21. Ra1 Nb4 22. Rfc1 Qb6 23. Qxb6 Rxb6 24. Bf1 Rc8 25. cxb5 Rxc1 26. Rxc1 {Feofanov,A (2098)-Khegay,D (2369) Kemerovo 2014 ½-½ (46)}) 12. Rfd1 Qc7 13. Rac1 Nce5 14. Bxa7 Rxa7 15. Qe3 Ra8 16. Qd4 Nxd3 17. Rxd3 Ne5 18. Rg3 Ng6 19. Na4 e5 20. Qb6 Qe7 21. Rd1 Nf4 22. Nc3 Be6 23. Na5 Rac8 24. b3 Rc7 25. Rxd6 h5 26. Re3 Qg5 27. Rg3 Qe7 28. Re3 Qg5 29. Rg3 Qe7 30. Re3 Qg5 31. g3 Nh3+ 32. Kf1 Qf6 33. Red3 h4 34. Nd5 Qg5 35. Nxc7 Bg4 36. Qe3 Qh5 37. Rd8 Rxd8 38. Rxd8+ Kh7 39. Ke1 Ng1 40. Kd2 Nf3+ 41. Kc3 hxg3 42. hxg3 Qh1 43. Kb2 Nd4 44. Rxd4 exd4 45. Qxd4 Qe1 46. Nxb7 1-0

[Event "45th FIDE Chess Olympiad - Women's Sect"]
[Site "Budapest, Hungary"]
[Date "2024.09.12"]
[Round "2.106"]
[White "Abarca Gonzalez, Damaris"]
[Black "Pham, Bich Ngoc"]
[Result "1/2-1/2"]
[WhiteElo "1991"]
[BlackElo "2199"]
[PlyCount "85"]
[EventDate "2024.??.??"]
[WhiteTeam "Chile"]
[BlackTeam "Canada"]
[WhiteTeamCountry "CHI"]
[BlackTeamCountry "CAN"]
[WhiteClock "0:28:19"]
[BlackClock "0:05:25"]

1. e4 c5 2. Nc3 d6 3. g3 Nc6 4. Bg2 g6 5. d3 Bg7 6. Be3 e5 7. Qd2 Nge7 8. Bh6 Bxh6 9. Qxh6 Nd4 10. Qd2 h5 ({RR} 10... Qa5 11. Nge2 Bg4 12. Nxd4 cxd4 13. Nd5 Qxd2+ 14. Kxd2 Nxd5 15. exd5 Bd7 16. a4 a5 17. c3 dxc3+ 18. bxc3 Kd8 19. Rhe1 Kc7 20. h4 f6 21. Re4 b6 22. Bf3 Raf8 23. Ree1 g5 24. Re4 Kb7 25. Rc4 {Stripunsky,A (2546)-Najer,E (2585) New York 2002 0-1 (46)}) 11. h4 ({RR} 11. Nce2 h4 12. c3 Nxe2 13. Nxe2 Be6 14. d4 Qd7 15. Ng1 cxd4 16. cxd4 Qa4 17. d5 Bg4 18. f3 Bd7 19. Ne2 Rc8 20. Nc3 Qc4 21. Nd1 f6 22. Ne3 Qd4 23. Rd1 Qb6 24. f4 Kf7 25. O-O Kg7 {Pallardo Lozoya,J (2357)-Breder,D (2463) Struga 2021 ½-½ (47)}) 11... Bg4 12. Nd1 $146 ({RR} 12. Nce2 Qd7 13. c3 Nxe2 14. Nxe2 d5 15. f3 Be6 16. O-O dxe4 17. fxe4 O-O-O 18. Qe3 Qxd3 19. Qxc5+ Nc6 20. Rfe1 Kc7 21. b4 Qc4 22. Qf2 Rd2 23. a4 b6 24. b5 Na5 25. Qf6 Qc5+ 26. Kh2 Rhd8 {Letay,G (2189)-Csiszar,C (2364) Hungary 2001 0-1 (40)}) 12... d5 13. c3 Ndc6 14. Ne3 Be6 15. Nf3 f6 16. exd5 Nxd5 17. O-O Qd7 18. Nxd5 Bxd5 19. Qe3 Qe7 20. a3 O-O 21. b4 b6 22. b5 Na5 23. c4 Bb7 24. Rab1 Rad8 25. Ne1 Rfe8 26. Bxb7 Qxb7 27. Qh6 Qg7 28. Qxg7+ Kxg7 29. f3 f5 30. Rb2 Rd4 31. Re2 Kf6 32. Kg2 Re6 33. Rb2 Ke7 34. Rbf2 Kd6 35. Kh3 Nb3 36. Rc2 Kc7 37. Rc3 Na5 38. Nc2 Rd7 39. Ne3 Rd4 40. Nc2 Rd7 41. Ne3 Rd4 42. Nd5+ Kd6 43. Re1 1/2-1/2

[Event "45th FIDE Chess Olympiad - Women's Sect"]
[Site "Budapest, Hungary"]
[Date "2024.09.12"]
[Round "2.107"]
[White "Demchenko, Svitlana"]
[Black "Jorquera Cabello, Valentina"]
[Result "0-1"]
[WhiteElo "2167"]
[BlackElo "1919"]
[PlyCount "140"]
[EventDate "2024.??.??"]
[WhiteTeam "Canada"]
[BlackTeam "Chile"]
[WhiteTeamCountry "CAN"]
[BlackTeamCountry "CHI"]
[WhiteClock "0:02:45"]
[BlackClock "0:01:49"]

1. d4 Nf6 2. c4 g6 3. Nc3 Bg7 4. e4 d6 5. h3 O-O 6. Be3 e5 7. d5 a5 8. Nge2 Na6 9. g4 Nc5 10. f3 ({RR} 10. Ng3 c6 11. f3 a4 12. Qd2 Qa5 13. h4 cxd5 14. cxd5 Bd7 15. h5 a3 16. b3 Rfc8 17. Nd1 Qxd2+ 18. Bxd2 Ne8 19. Ne3 b5 20. g5 Bf8 21. hxg6 fxg6 22. Ng4 Be7 23. Be2 Na6 24. Bd3 Bd8 {Grandelius,N (2682)-Naroditsky,D (2616) Chess.com INT 2019 0-1 (39)}) 10... Bd7 11. Qd2 Ne8 $146 ({RR} 11... c6 12. Ng3 a4 13. h4 cxd5 14. cxd5 Qa5 15. h5 Rac8 16. h6 Bh8 17. Nf5 Bxf5 18. gxf5 a3 19. b4 Qxb4 20. Rb1 Qa5 21. Nb5 Qd8 22. fxg6 fxg6 23. Bh3 Nfxe4 24. fxe4 Qh4+ 25. Ke2 Qxe4 26. Rbf1 {Kulon,K (2379)-Nisipeanu,L (2583) Pardubice CZE 2024 0-1 (35)}) ({RR} 11... a4 12. Ng3 c6 13. h4 cxd5 14. cxd5 Ne8 15. h5 Nc7 16. Qh2 g5 17. h6 Bf6 18. Qd2 b5 19. Rh5 b4 20. Nd1 Nb5 21. Nf5 Bxf5 22. gxf5 Nd4 23. Bg2 Kh8 24. Nf2 a3 25. Bxd4 exd4 26. b3 {Pahomov,R (2191)-Kim,S (2295) chess.com INT 2024 0-1 (36)}) ({RR} 11... Qe7 12. Ng3 Ne8 13. O-O-O a4 14. h4 a3 15. b3 f5 16. gxf5 gxf5 17. exf5 Bxf5 18. Nce4 Bd7 19. Bg5 Nf6 20. Be2 Nfxe4 21. fxe4 Bf6 22. Bh6 Bg7 23. Rdg1 Bxh6 24. Qxh6 Kh8 25. Qe3 Rf4 26. Nh5 {Maj,P (2137)-Lapaj,M (2207) Jastrzebia Gora 2019 0-1}) 12. h4 f5 13. gxf5 gxf5 14. Bg5 Qc8 15. h5 Kh8 16. O-O-O f4 17. Bh4 a4 18. Kb1 Bf6 19. Bf2 b6 20. Ng1 Qa6 21. Nb5 Qa5 22. Qxa5 Rxa5 23. Be1 Ra8 24. Bh3 Bxb5 25. cxb5 Bd8 26. Bf5 Ng7 27. Bg4 Ne8 28. Ne2 Nf6 29. Bf5 Nfd7 30. Bc3 Bg5 31. Rdg1 h6 32. Rg2 Rxf5 33. exf5 Nf6 34. Rd1 Kh7 35. Rh2 Rf8 36. Bb4 Nfd7 37. Nc3 Rxf5 38. Bxc5 Nxc5 39. Ne4 Nxe4 40. fxe4 Rf7 41. Rf1 Rg7 42. Rh3 Kg8 43. Ra3 Kf7 44. Rxa4 Bh4 45. Rc4 Kf6 46. Rc3 Bg3 47. a4 Kg5 48. b4 Kxh5 49. a5 Kg4 50. a6 h5 51. a7 Rg8 52. Rxc7 Ra8 53. Kc2 Kh3 54. Ra1 f3 55. Kd3 Kg2 56. Rb7 f2 57. Ke2 h4 58. Rxb6 Rxa7 59. Rba6 Rb7 60. Rxd6 Rxb5 61. Rf6 Rxb4 62. Ke3 Rb3+ 63. Ke2 Rb4 64. Ke3 Bf4+ 65. Rxf4 exf4+ 66. Kd3 f1=Q+ 67. Rxf1 Kxf1 68. d6 h3 69. d7 Rb8 70. e5 h2 0-1

[Event "45th FIDE Chess Olympiad - Women's Sect"]
[Site "Budapest, Hungary"]
[Date "2024.09.12"]
[Round "2.108"]
[White "Morales Flores, Monserrat"]
[Black "Golubeva, Oksana"]
[Result "0-1"]
[WhiteElo "1938"]
[BlackElo "2119"]
[PlyCount "66"]
[EventDate "2024.??.??"]
[WhiteTeam "Chile"]
[BlackTeam "Canada"]
[WhiteTeamCountry "CHI"]
[BlackTeamCountry "CAN"]
[WhiteClock "0:01:12"]
[BlackClock "0:09:07"]

1. e4 e6 2. d4 d5 3. Nd2 c5 4. Ngf3 cxd4 5. Nxd4 Nf6 6. e5 Nfd7 7. N2f3 Nc6 8. Nxc6 bxc6 9. c3 ({RR} 9. Bd3 Be7 10. O-O O-O 11. Re1 a5 12. c3 Ba6 13. Bc2 Rb8 14. Qd4 g6 15. h4 Re8 16. h5 Bf8 17. Ng5 Bg7 18. Qf4 Qe7 19. hxg6 fxg6 20. Qh2 Nf8 21. b3 c5 22. Re3 d4 23. Rh3 Rbd8 {Fernandez Guillen,E (2467)-Chigaev,M (2617) chess.com INT 2023 1-0}) 9... a5 $146 ({RR} 9... Qb6 10. Be2 Ba6 11. O-O Be7 12. b3 Nc5 13. b4 Ne4 14. Bxa6 Qxa6 15. Qc2 Qc4 16. Bd2 Bxb4 17. Qa4 Bxc3 18. Qxc4 dxc4 19. Bxc3 Nxc3 20. Rfe1 Rd8 21. Rac1 Rd3 22. Rc2 Ke7 23. Kf1 Rhd8 24. Ng5 {Moreda Rodriguez,M (2034)-Pino Perez,L Havana 2010 0-1 (48)}) ({RR} 9... Qb6 10. Be2 Be7 11. O-O O-O 12. Qc2 h6 13. g4 Qd8 14. Bf4 c5 15. h3 Bb7 16. Kh2 f5 17. exf6 Rxf6 18. Bg3 Rf7 19. Rae1 Qf8 20. Bb5 Rxf3 21. Bxd7 Bd6 22. Bxe6+ Kh8 23. Bf5 g6 24. Bd3 {Koskinen,H (2260)-Salmensuu,O Tampere 1995 1-0 (41)}) ({RR} 9... Be7 10. Bd3 O-O 11. O-O f6 12. exf6 Nxf6 13. Qe2 Bd6 14. Ne5 Qc7 15. f4 c5 16. Bd2 Bb7 17. Rf3 Ne4 18. Rh3 Bxe5 19. Bxe4 dxe4 20. fxe5 Qxe5 21. Be3 Rad8 22. Rd1 Rd3 23. Rxd3 Ba6 24. Bd4 {Nobis,M (1902)-Poetsch,L (1946) Germany 2016 0-1}) 10. Be2 Ba6 11. O-O Be7 12. Bxa6 Rxa6 13. Qe2 Rb6 14. c4 Qb8 15. cxd5 cxd5 16. b3 O-O 17. Bd2 Bb4 18. Be3 Rb7 19. Bd4 Ba3 20. Rad1 Rc8 21. Rd3 Rbc7 22. Ng5 h6 23. Nh3 Rc1 24. Rdd1 R1c2 25. Qe3 Rxa2 26. Nf4 Rac2 27. Qg3 Nf8 28. Nh5 Ng6 29. f4 Rc1 30. Rxc1 Rxc1 31. Be3 Rxf1+ 32. Kxf1 Qxb3 33. h4 Qd1+ 0-1

[Event "45th FIDE Chess Olympiad - Women's Sect"]
[Site "Budapest, Hungary"]
[Date "2024.09.12"]
[Round "2.109"]
[White "Lindiawati, Evi"]
[Black "Unuk, Laura"]
[Result "1/2-1/2"]
[WhiteElo "1940"]
[BlackElo "2316"]
[PlyCount "98"]
[EventDate "2024.??.??"]
[WhiteTeam "Indonesia"]
[BlackTeam "Slovenia"]
[WhiteTeamCountry "INA"]
[BlackTeamCountry "SLO"]
[WhiteClock "0:00:41"]
[BlackClock "0:02:26"]

1. e4 e5 2. Nf3 Nc6 3. Bb5 a6 4. Bxc6 dxc6 5. d4 exd4 6. Qxd4 Qxd4 7. Nxd4 c5 8. Ne2 Bd7 9. Nbc3 O-O-O 10. Be3 Bd6 ({RR} 10... b6 11. a4 a5 12. Nf4 Ne7 13. b3 f5 14. f3 fxe4 15. fxe4 Nc6 16. Nfd5 Bd6 17. Rd1 Kb7 18. Nb5 Be5 19. O-O Bg4 20. Rd2 Rhf8 21. Rxf8 Rxf8 22. h3 Be6 23. Rf2 Rxf2 24. Kxf2 Nb4 25. Nxb4 {Bykov,E (2424)-Rose,F (2091) chess.com INT 2024 0-1}) 11. O-O-O f5 $146 ({RR} 11... Ne7 12. Bf4 Bc6 13. e5 Bxe5 14. Bxe5 f6 15. Bf4 g5 16. Be3 Bxg2 17. Rxd8+ Rxd8 18. Rg1 Bf3 19. Bxc5 Nf5 20. Ng3 {1-0 (20) Chadaev,N (2370)-Kozlov,K (2236) Dagomys 2004}) ({RR} 11... Ne7 12. f4 f6 13. h3 Rhe8 14. e5 Nf5 15. exd6 Nxe3 16. dxc7 Kxc7 17. Rd2 Bc6 18. Rg1 Rxd2 19. Kxd2 Nxg2 20. b3 Re7 21. a4 b6 22. Nd1 Nh4 23. Rf1 Bg2 24. Rf2 Bxh3 25. Ne3 Rd7+ 26. Ke1 {Dunlop,G (1859)-Caoili,A (2153) Parramatta 2007 0-1 (34)}) ({RR} 11... Ne7 12. f4 f6 13. Ng3 g6 14. Rhe1 Rhe8 {½-½ (14) Stoppa,O (2279)-Di Paolo,R (2243) Imperia 2012}) 12. exf5 Bxf5 13. Ng3 Bg6 14. Nge4 Nf6 15. Nxd6+ Rxd6 16. Bxc5 Rc6 17. Bd4 b5 18. Bxf6 Rxf6 19. f3 Re8 20. Rhe1 Rfe6 21. Rxe6 Rxe6 22. b3 c6 23. Rd2 Re1+ 24. Kb2 a5 25. Re2 Rg1 26. a4 b4 27. Ne4 Bxe4 28. fxe4 Kd7 29. c3 c5 30. Kc2 Kd6 31. Kd3 Rc1 32. cxb4 cxb4 33. Rc2 Rb1 34. Kc4 Ke5 35. Re2 h5 36. g3 g5 37. Kb5 Rxb3 38. Kxa5 Rb1 39. Kb5 b3 40. Kc4 h4 41. gxh4 gxh4 42. Kc3 h3 43. Re3 b2 44. Rxh3 Ra1 45. Kxb2 Rxa4 46. Rh5+ Ke6 47. Kc3 Rxe4 48. Kd3 Re5 49. Rxe5+ Kxe5 1/2-1/2

[Event "45th FIDE Chess Olympiad - Women's Sect"]
[Site "Budapest, Hungary"]
[Date "2024.09.12"]
[Round "2.110"]
[White "Urh, Zala"]
[Black "Nugroho, Angel Ruth"]
[Result "1-0"]
[WhiteElo "2251"]
[BlackElo "1939"]
[PlyCount "151"]
[EventDate "2024.??.??"]
[WhiteTeam "Slovenia"]
[BlackTeam "Indonesia"]
[WhiteTeamCountry "SLO"]
[BlackTeamCountry "INA"]
[WhiteClock "0:06:13"]
[BlackClock "0:07:24"]

1. d4 d5 2. c4 e6 3. Nf3 Nf6 4. g3 Be7 5. Bg2 O-O 6. O-O dxc4 7. Qc2 a6 8. a4 Bd7 9. Qxc4 Bc6 10. Bg5 Bd5 11. Qc2 Be4 12. Qd1 h6 13. Bxf6 Bxf6 14. Nc3 Bxf3 15. Bxf3 c6 16. Qb3 Qc7 17. Rfd1 Rd8 18. Ne4 Nd7 $146 ({RR} 18... Be7 19. a5 Nd7 20. e3 Nf6 21. Nd2 Rab8 22. Nc4 h5 23. h4 g6 24. Rac1 Kg7 25. Kg2 Bf8 26. e4 Qe7 27. Rc3 Rd7 28. Ne5 Rdd8 29. Rcd3 Qb4 30. Qa2 Qe7 31. Nc4 Qb4 32. b3 Qb5 33. Qa1 {Ftacnik,L (2533)-Borriss,M (2439) Germany 2005 ½-½ (74)}) ({RR} 18... Be7 19. a5 Nd7 20. e3 Rab8 21. Rdc1 Nf6 22. Nc3 Qd6 23. Rd1 c5 24. Na4 cxd4 25. Rxd4 Qe5 26. Rxd8+ Bxd8 27. Nb6 Qf5 28. Kg2 Ne4 29. Qb4 Ng5 30. Bg4 Qe4+ 31. Qxe4 Nxe4 32. Rd1 Be7 33. Bf3 {Urh,Z (2287)-Mihaljevic,E (1946) Rijeka CRO 2024 ½-½ (65)}) ({RR} 18... Be7 19. a5 Nd7 20. Nd2 Rab8 21. Nc4 g6 22. Rac1 Bf8 23. Kg2 Nf6 24. e4 Qe7 25. Rd3 Ne8 26. h4 h5 27. e5 Nc7 28. Rcd1 Nb5 29. Qc2 Bh6 30. Be4 Kg7 31. Qb3 Rh8 32. Nb6 Rbd8 33. Qc4 {Haria,R (2497)-Sahidi,S (2432) Terme Catez 2021 ½-½ (72)}) ({RR} 18... Be7 19. a5 Nd7 20. e3 Nf6 21. Nd2 Ne8 22. Nc4 Nd6 23. Nb6 Rab8 24. Rac1 Nc8 25. d5 exd5 26. Rxd5 Nxb6 27. axb6 Qc8 28. Rxd8+ Qxd8 29. Rd1 Qe8 30. Rd4 Bc5 31. Re4 Qd7 32. Be2 Qd5 33. Qc2 {Wen,Y (2591)-Liu,Q (2501) Xinghua 2014 1-0 (48)}) 19. a5 Rab8 20. h4 Be7 21. h5 Nf6 22. Nxf6+ Bxf6 23. e3 Rd7 24. Be4 Qd6 25. f4 Be7 26. Rdc1 Qb4 27. Qxb4 Bxb4 28. Rc4 Bd6 29. Kf2 f6 30. Kf3 e5 31. d5 c5 32. Bf5 Rc7 33. Be6+ Kf8 34. Ke4 Ke7 35. Kf5 Rf8 36. Ra3 Rb8 37. Rb3 b5 38. axb6 Rcb7 39. Ra4 Rxb6 40. Rba3 Ra8 41. Ra2 Kd8 42. Kg6 Bf8 43. fxe5 fxe5 44. Re4 Ra7 45. Rxe5 Be7 46. Rf5 Bf6 47. Rf2 Ke7 48. e4 Kd6 49. Rxf6 gxf6 50. Kxf6 c4 51. e5+ Kc5 52. d6 a5 53. Ra4 Rb4 54. Rxb4 axb4 55. d7 Ra8 56. Ke7 Kd4 57. Bxc4 Kxc4 58. d8=Q Rxd8 59. Kxd8 Kd5 60. Kd7 Kxe5 61. Kc6 Kf5 62. Kb5 b3 63. Kc4 Kg4 64. Kxb3 Kxh5 65. Kc3 Kg4 66. b4 h5 67. b5 Kxg3 68. b6 h4 69. b7 h3 70. b8=Q+ Kg2 71. Qb2+ Kg1 72. Qc1+ Kg2 73. Qd2+ Kg1 74. Qd1+ Kg2 75. Qg4+ Kh2 76. Kd3 1-0

[Event "45th FIDE Chess Olympiad - Women's Sect"]
[Site "Budapest, Hungary"]
[Date "2024.09.12"]
[Round "2.115"]
[White "Forgas Moreno, Yaniela"]
[Black "Azhar, Puteri Rifqah Fahad"]
[Result "1-0"]
[WhiteElo "2203"]
[BlackElo "1947"]
[PlyCount "59"]
[EventDate "2024.??.??"]
[WhiteTeam "Cuba"]
[BlackTeam "Malaysia"]
[WhiteTeamCountry "CUB"]
[BlackTeamCountry "MAS"]
[WhiteClock "0:25:07"]
[BlackClock "0:00:48"]

1. e4 e6 2. d4 d5 3. Nc3 dxe4 4. Nxe4 Be7 5. Nf3 Nf6 6. Bd3 Nbd7 7. O-O Nxe4 8. Bxe4 Nf6 ({RR} 8... c5) 9. Bd3 Bd7 ({RR} 9... b6 10. Qe2 Bb7 11. Bb5+ c6 12. Bd3 O-O 13. c3 c5 14. Bg5 cxd4 15. Nxd4 Qd5 16. Nf3 Rfd8 17. Rfd1 Qc5 18. Be3 Qc7 19. Ba6 Bc6 20. h3 Nd5 21. Bd4 Bd6 22. Be5 Nf4 23. Bxf4 Bxf4 24. Rxd8+ {Dias,P (2308)-Tsaruk,M (2480) chess.com INT 2024 1-0 (59)}) 10. Ne5 c6 $146 ({RR} 10... c5 11. Nxd7 Qxd7 12. Qe2 a6 13. dxc5 Bxc5 14. Be3 Bd6 15. Rfd1 Qc7 16. h3 Nd5 17. Be4 Nxe3 18. Qxe3 Rc8 19. Qf3 b5 20. Bb7 Rb8 21. Bc6+ Ke7 {½-½ (21) Vidal Maiques,J-Carbonell Vila,J Valencia 1995}) ({RR} 10... O-O 11. c4 c5 12. dxc5 Bxc5 13. Bg5 Bc8 14. Qf3 Be7 15. Rad1 Qc7 16. Rfe1 Rb8 17. Qh3 g6 18. Qh4 Bb4 19. Bxf6 Re8 20. Re3 {1-0 (20) Ertel,S-Akhmetshina,A (2266) Russia 2000}) ({RR} 10... c5 11. dxc5 Bxc5 12. Bg5 Qc7 13. Nxd7 Nxd7 14. Bb5 Bd6 15. h3 a6 16. Bxd7+ Qxd7 17. Qd3 Qc7 18. Rad1 Be7 19. Bxe7 Qxe7 20. Qd6 {½-½ (20) Hrabinska,M (2094)-Kostiukova,L Ukraine 2000}) 11. Qf3 Qc7 12. Re1 h6 13. c4 g5 14. Bd2 Rg8 15. d5 c5 16. Nxd7 Qxd7 17. dxe6 fxe6 18. Rad1 O-O-O 19. Ba5 Rdf8 20. Bf5 g4 21. Qe2 Qc6 22. Qxe6+ Qxe6 23. Bxe6+ Kb8 24. Bxg8 Nxg8 25. Rd7 Bf6 26. Bc3 Bxc3 27. bxc3 Kc8 28. Rh7 a6 29. Re5 b6 30. Re6 1-0

[Event "45th FIDE Chess Olympiad - Women's Sect"]
[Site "Budapest, Hungary"]
[Date "2024.09.12"]
[Round "2.121"]
[White "Mihok-Juhasz, Barbara"]
[Black "Ptacnikova, Lenka"]
[Result "1-0"]
[WhiteElo "2193"]
[BlackElo "2065"]
[PlyCount "109"]
[EventDate "2024.??.??"]
[WhiteTeam "Hungary B"]
[BlackTeam "Iceland"]
[BlackTeamCountry "ISL"]
[WhiteClock "0:06:10"]
[BlackClock "0:05:19"]

1. e4 c5 2. Nf3 e6 3. d4 cxd4 4. Nxd4 Nc6 5. Nc3 Qc7 6. Be3 a6 7. g4 Nxd4 8. Qxd4 b5 9. O-O-O Bb7 10. Kb1 Rc8 ({RR} 10... Nf6 11. f3 Rc8 12. g5 Nh5 13. Qd2 Be7 14. Bh3 b4 15. Ne2 d5 16. Bg4 g6 17. Bxh5 gxh5 18. Nf4 dxe4 19. Nxh5 exf3 20. Bf4 Qd8 21. Qe3 Bd5 22. Nf6+ Bxf6 23. gxf6 Rg8 24. Rhe1 Rg2 25. Qa7 {Nepomniachtchi,I (2773)-Carlsen,M (2865) chess24.com INT 2022 0-1}) ({RR} 10... f6 11. g5 Rc8 12. a3 h6 13. gxh6 Nxh6 14. Be2 Nf7 15. h4 Bd6 16. Qd3 b4 17. axb4 Bxb4 18. Na2 Be7 19. f4 Bc6 20. Rhg1 Bb5 21. Qd2 Bxe2 22. Qxe2 Bf8 23. Rg2 Qb7 24. Bc1 Rxh4 25. Rg3 {Patil,P (2165)-Arnav,M (2290) Helsinki FIN 2024 ½-½ (40)}) 11. Bf4 d6 $146 ({RR} 11... Qc6 12. a3 Nf6 13. Be5 Bc5 14. Qd2 d6 15. Bxf6 gxf6 16. Qf4 Bxa3 17. Qxf6 Rg8 18. Bd3 Rxg4 19. Rhe1 Qc5 20. Nd5 Bxd5 21. exd5 Bxb2 22. Kxb2 e5 23. Kc1 Ra4 24. Rg1 Rf4 25. Rg8+ Kd7 26. Bf5+ {Stamatiou,R (2184)-Dimanoudis,P (1559) Peristeri 2022 1-0}) ({RR} 11... Qc6 12. Bg2 Ne7 13. Rhe1 Ng6 14. Bg3 h5 15. h3 e5 16. Qd2 hxg4 17. hxg4 Bb4 18. Re3 Qe6 19. Rd3 Bxc3 20. bxc3 Bc6 21. Bf3 Kf8 22. Rd6 Qe7 23. g5 Kg8 24. Qe3 a5 25. Bg4 Rh1 26. Rxh1 {Movahed,S (2359)-Mchedlishvili,M (2553) Dubai UAE 2023 0-1 (46)}) 12. Bxd6 Qxd6 13. Qxd6 Bxd6 14. Rxd6 Nf6 15. f3 Ke7 16. Rd1 Nd7 17. a3 Ne5 18. Be2 Nc4 19. Bxc4 Rxc4 20. Rd2 Rd8 21. Rxd8 Kxd8 22. Rd1+ Ke7 23. Rd3 f5 24. gxf5 exf5 25. exf5 Rf4 26. Re3+ Kd7 27. Ne4 Rxf5 28. Rd3+ Kc7 29. Rc3+ Bc6 30. b4 Kb6 31. Kb2 Rh5 32. Nd6 Rxh2 33. Nc8+ Kc7 34. Ne7 Rh6 35. Nf5 Rf6 36. Nxg7 Kd7 37. f4 Rxf4 38. Ne6 Rf6 39. Nc5+ Kd6 40. Rh3 h6 41. Nxa6 Ke5 42. Nb8 Kf4 43. Nxc6 Rxc6 44. Rh5 Rb6 45. Kb3 Kg4 46. Rh1 h5 47. c4 h4 48. cxb5 Rxb5 49. a4 Rb8 50. b5 h3 51. Kb4 Kg3 52. a5 Kg2 53. Ra1 h2 54. a6 Ra8 55. Ka5 1-0

[Event "45th FIDE Chess Olympiad - Women's Sect"]
[Site "Budapest, Hungary"]
[Date "2024.09.12"]
[Round "2.123"]
[White "Karacsonyi, Kata"]
[Black "Thorsteinsdottir, Hallgerdur"]
[Result "1/2-1/2"]
[WhiteElo "2233"]
[BlackElo "1938"]
[PlyCount "61"]
[EventDate "2024.??.??"]
[WhiteTeam "Hungary B"]
[BlackTeam "Iceland"]
[BlackTeamCountry "ISL"]
[WhiteClock "0:06:34"]
[BlackClock "0:14:25"]

1. e4 c6 2. Nf3 d5 3. Nc3 Bg4 4. h3 Bxf3 5. Qxf3 e6 6. Be2 Nf6 7. O-O Be7 8. e5 Nfd7 9. Qg3 O-O 10. d4 Kh8 11. Bg4 $146 ({RR} 11. Be3 c5 12. Rad1 Nc6 13. Kh1 a6 14. f4 cxd4 15. Bxd4 Nxd4 16. Rxd4 Qb6 17. Rd2 Nc5 18. b3 Rac8 19. f5 Qc7 20. Bg4 Nd7 21. fxe6 fxe6 22. Rxf8+ Rxf8 23. Bxe6 Nxe5 24. Rd1 d4 25. Nd5 Qxc2 {Nikoladze,S-Sokolova Sochi 1985 1-0 (37)}) ({RR} 11. Be3 c5 12. dxc5 Nc6 13. Rad1 Ncxe5 14. b4 a5 15. Nxd5 Bh4 16. Qh2 exd5 17. Rxd5 Qe7 18. Rfd1 axb4 19. Bb5 Rfd8 {0-1 (19) Young,C (1829)-Smith,R (2152) Palmerston North NZL 2024}) ({RR} 11. f4 c5 12. dxc5 Nc6 13. Bd3 Bh4 14. Qf3 Nxc5 15. Ne2 Be7 16. Be3 Rc8 17. Bxc5 Bxc5+ 18. Kh1 Nb4 19. c3 Nxd3 20. Qxd3 Qb6 21. b3 Qc7 22. Qg3 a6 23. Rad1 Ba7 24. f5 Bb8 25. Kg1 Qxe5 {Mamedov,E (2088)-Mirzoeva,E (2283) St Petersburg 2012 0-1 (46)}) ({RR} 11. f4 f5 12. exf6 Bxf6 13. Rd1 c5 14. dxc5 Nc6 15. Qf2 Qe7 16. Na4 Rae8 17. Bg4 d4 18. b4 Nxb4 19. Rb1 Nc6 20. Rxb7 Rb8 21. Rxb8 Rxb8 22. Ba3 e5 23. Qe2 Rd8 24. Qe4 Ndb8 25. Nb2 Qf7 {Losev,D (2170)-Denishev,M (2382) Moscow 2016 ½-½ (57)}) 11... c5 12. Ne2 cxd4 13. Nxd4 Nc6 14. Nxc6 bxc6 15. f4 Qb6+ 16. Kh1 Nc5 17. Bf3 f6 18. b3 f5 19. Be3 Qb4 20. Bxc5 Bxc5 21. c4 Rac8 22. Be2 Qd2 23. Qd3 Qxd3 24. Bxd3 a5 25. cxd5 cxd5 26. Bb5 Rf7 27. Rac1 Rfc7 28. Ba6 Ra8 29. Bb5 Rac8 30. Ba6 Ra8 31. Bb5 1/2-1/2